Srpski teniseri u Top 100 - Statistics

General Stats
  • This quiz has been taken 236 times
    16 since last reset
  • The average score is 10 of 21
Answer Stats
Hint Rank Year Answer % Correct
ATP 8 2012 Janko Tipsarević
100%
ATP 1 2011 Novak Đoković
100%
WTA 1 2008 Ana Ivanović
92%
WTA 1 2008 Jelena Janković
92%
ATP 12 2011 Viktor Troicki
85%
WTA 1 1991 Monika Seleš
77%
WTA 32 2025 Olga Danilović
69%
ATP 19 1987 Slobodan Živojinović
69%
ATP 57 2025 Hamad Međedović
54%
ATP 27 2021 Laslo Đere
46%
WTA 39 2018 Aleksandra Krunić
38%
ATP 23 2020 Dušan Lajović
38%
ATP 26 2018 Filip Krajinović
31%
ATP 27 2023 Miomir Kecmanović
31%
WTA 81 2022 Nina Stojanović
23%
WTA 72 1996 Tatjana Ječmenica
23%
ATP 55 2006 Boris Pašanski
15%
WTA 32 2014 Bojana Jovanovski
8%
WTA 86 2019 Ivana Jorović
8%
WTA 81 1999 Sandra Naćuk
8%
WTA 84 2013 Vesna Dolonc
8%
No matching quizzes found
Score Distribution
Percent of People with Each Score
Percentile by Number Answered
Your Score History
You have not taken this quiz since the last reset